书目信息 |
| 题名: |
老北京的吃喝
|
|
| 作者: | 周家望 著 | |
| 分册: | ||
| 出版信息: | 北京 北京燕山出版社 1999.09 |
|
| 页数: | 257页 | |
| 开本: | 32开 | |
| 丛书名: | ||
| 单 册: | ||
| 中图分类: | K892.23 | |
| 科图分类: | ||
| 主题词: | 风俗习惯 | |
| 电子资源: | ||
| ISBN: | 7-5402-1213-6 | |
| 000 | 00535nam0 2200193 45 | |
| 001 | 0103231507 | |
| 005 | 20010323151341.4 | |
| 010 | @a7-5402-1213-6@d13.00元 | |
| 100 | @a20010323d1999 km y0chiy0120 ea | |
| 101 | 0 | @achi |
| 105 | @a z 000yy | |
| 200 | 1 | @a老北京的吃喝@ALao Bei Jing De Chi He@f周家望著@FZhou Jia Wang Zhu |
| 210 | @a北京@c北京燕山出版社@d1999.09 | |
| 215 | @a257页@d32开 | |
| 606 | 0 | @a风俗习惯 |
| 690 | @aK892.23@v3 | |
| 701 | 0 | @a周家望@4著 |
| 801 | @aCN@bPftUser@c20010323 | |
| 905 | @b332128@dK892.23@eZH863@f1 | |
| 老北京的吃喝/周家望著.-北京:北京燕山出版社,1999.09 |
| 257页;32开 |
| ISBN 7-5402-1213-6:13.00元 |
| ● |
| 相关链接 |
|
|
|
正题名:老北京的吃喝
索取号:K892.23/ZH863
 
预约/预借
| 序号 | 登录号 | 条形码 | 馆藏地/架位号 | 状态 | 备注 |
| 1 | 332128 | 203321280 | 自科二线404/309社科库 14排1列5层/ [索取号:K892.23/ZH863] | 在馆 |